000 00303nam a22001337a 4500
008 170411b xxu||||| |||| 00| 0 eng d
020 _a0323009298
041 _aeng
080 _27 ED
_a618
100 _a10
101 _aSHM
245 _aNEONATAL PERINATAL MEDICINE
_cFANAROFF.A.A
942 _2udc
_cBK
999 _c10301
_d10301